Просто незабываемая: роман; пер. с англ.

Dades bibliogràfiques
Autor principal: Бэлоу М. Мэри
Altres autors: Бунатян Н. Г. (переводчик)
Sumari:Ночь любви в уединенном, занесенном метелью доме в сельской глуши раз и навсегда связала молоденькую учительницу Фрэнсис Аллард и блестящего аристократа Лусиуса Маршалла, виконта Синклера. Но почему теперь Фрэнсис не желает его видеть и стремится забыть все, что было между ними? Почему упорно отказывается принять предложение руки и сердца? Лусиус догадывается, что Фрэнсис скрывает какую-то тайну. И если он хочет завоевать сердце прекрасной девушки и добиться ответной любви, ему надо непременно эту тайну разгадать...
Idioma:rus
Publicat: Москва, АСТ, 2007
Col·lecció:Очарование
Matèries:
Format: MixedMaterials Llibre
KOHA link:https://koha.lib.tpu.ru/cgi-bin/koha/opac-detail.pl?biblionumber=122627

MARC

LEADER 00000nam0a2200000 4500
001 122627
005 20231031130116.0
010 |a 517039666X 
010 |a 5-9713-4466-8 
010 |a 5-9762-2028-2 
035 |a (RuTPU)RU\TPU\book\132761 
090 |a 122627 
100 |a 20071005d2007 m y0rusy50 ca 
101 1 |a rus  |c eng 
102 |a RU 
105 |a y z 000ay 
200 1 |a Просто незабываемая  |e роман  |e пер. с англ.  |f М. Бэлоу 
210 |a Москва  |c АСТ  |c АСТ Москва  |c Хранитель  |d 2007 
215 |a 317 с. 
225 1 |a Очарование 
330 |a Ночь любви в уединенном, занесенном метелью доме в сельской глуши раз и навсегда связала молоденькую учительницу Фрэнсис Аллард и блестящего аристократа Лусиуса Маршалла, виконта Синклера. Но почему теперь Фрэнсис не желает его видеть и стремится забыть все, что было между ними? Почему упорно отказывается принять предложение руки и сердца? Лусиус догадывается, что Фрэнсис скрывает какую-то тайну. И если он хочет завоевать сердце прекрасной девушки и добиться ответной любви, ему надо непременно эту тайну разгадать... 
610 1 |a американская литература 
610 1 |a романы 
610 1 |a любовь 
675 |a 82  |v 3 
700 1 |a Бэлоу  |b М.  |g Мэри 
702 1 |a Бунатян  |b Н. Г.  |4 730 
801 1 |a RU  |b 63413507  |c 20071005  |g PSBO 
801 2 |a RU  |b 63413507  |c 20071019  |g PSBO 
942 |c BK